Etología y sociedad: en busca de un enfoque antropológico

Gardado en:
Detalles Bibliográficos
Autor Principal: Callan, Hilary (Author)
Formato: Libro
Idioma:Lingua castelá
Publicado: Ciudad de México Fondo de Cultura Económica 1973
Series:Breviarios, 235
Subjects:
Tags: Engadir etiqueta
Sen Etiquetas, Sexa o primeiro en etiquetar este rexistro!

MARC

LEADER 00000cam a2200000 a 4500
001 UCF4777
003 CL-VaPUC
008 121220e19730000MX |||||||||||||||||spa|d
020 |a 9681601424 
082 0 4 |a 591.51  |b CAL  |2 21 
100 0 |a Callan, Hilary  |e author  |9 566398 
245 1 0 |a Etología y sociedad: en busca de un enfoque antropológico 
300 |a 310 p 
942 |c BK 
945 |d 20121220 00:00:00  |a dcastane 
260 |a Ciudad de México  |b Fondo de Cultura Económica  |c 1973 
650 7 |a COMPORTAMIENTO ANIMAL  |2 CL-VaPUC  |9 334602 
650 7 |a ETOLOGIA HUMANA  |2 CL-VaPUC  |9 566399 
650 0 |a Ecología humana   |9 263207 
583 |a last modification  |c 20121220 10:25:00  |k Rodrigo Vera 
490 0 |a Breviarios, 235 
999 |c 350474  |d 350472 
952 |0 0  |1 0  |4 0  |6 591_510000000000000_CAL_1973  |7 0  |8 P  |9 453809  |a BIBEDU  |b BIBEDU  |c BIBEDU_PB  |d 2019-11-22  |i 4936434  |o 591.51 CAL 1973  |p 4936434  |r 2024-01-25  |w 2019-11-22  |y BK  |k LIT